• 首页
  • 本馆介绍
  • 公告通知
  • 最新文献
  • 馆藏检索
  • 电子资源
  • 读者导购
  • 参考咨询
  • 我的图书馆
  • 登录
  • 详细信息显示
  • 放入我的书架
  • 预约/预借图书
  • 作者相关作品
  • 分类相关作品
  • 丛书相关作品
  • 出版社相关作品

书目信息

  • 表格格式
  • 工作单格式
  • 卡片格式
题名:
金融制度与货币政策传导机制
    
 
作者: 张洪武 著
分册:  
出版信息: 北京   中国金融出版社  2005
页数: 221页
开本: 21cm
丛书名:
单 册:
中图分类: F832.0
科图分类:
主题词: 金融体制--影响--货币政策--研究--世界 , 金融体制 , 货币政策 , 金融 , 银行
电子资源:
ISBN: 7-5049-3838-6
000 00959nam0 2200277 450
001 010700016705
005 20061030094827.39
010    @a7-5049-3838-6@dCNY20.00
100    @a20060210d2005 em y0chiy0110 ea
101 0  @achi
102    @aCN@b110000
105    @ay z 000yy
200 1  @a金融制度与货币政策传导机制@9jin rong zhi du yu huo bi zheng ce chuan dao ji zhi@f张洪武著
210    @a北京@c中国金融出版社@d2005
215    @a221页@d21cm
330    @a本书内容包括:绪论、货币政策传导机制的基本理论、金融体系的制度性差异及对货币政策传导的影响、新兴市场经济国家和地区货币政策传导的障碍及对我国的启示等。
510 1  @aFinancial Institution and Monetary Transmission Mechanism@zeng
606 0  @a金融体制@x影响@x货币政策@x研究@y世界
606 0  @a金融体制
606 0  @a货币政策
606 0  @a金融
606 0  @a银行
690    @aF832.0@v3
701  0 @a张洪武@9zhang hong wu@4著
801  0 @aCN@bRENTIAN@c20061030
905    @a10447@dF832.0@e28
    
    金融制度与货币政策传导机制/张洪武著.-北京:中国金融出版社,2005
    221页;21cm
    
    
    ISBN 7-5049-3838-6:CNY20.00
    本书内容包括:绪论、货币政策传导机制的基本理论、金融体系的制度性差异及对货币政策传导的影响、新兴市场经济国家和地区货币政策传导的障碍及对我国的启示等。
●
相关链接 在E读中查询图书 在五车中查询图书 在当当中查询图书 在豆瓣中查询图书


正题名:金融制度与货币政策传导机制     索取号:F832.0/28         预约/预借

序号 登录号 条形码 馆藏地/架位号 状态 备注
1 0387972   203879721   第一样本阅览室/ [索取号:F832.0/28] 在馆    
2 0387973   203879730   第一借阅区/ [索取号:F832.0/28] 在馆    
3 0387974   203879749   第一借阅区/ [索取号:F832.0/28] 在馆    
4 0387975   203879758   第一借阅区/ [索取号:F832.0/28] 在馆    
5 0387976   203879767   第一借阅区/ [索取号:F832.0/28] 在馆    
唐山师范学院图书馆 欢迎您!
大连网信软件有限公司© 版权所有